00267nam a2200097Ia 4500008004100000100001900041245001900060260004300079300000900122650003800131190216s9999||||xx |||||||||||||| ||und|| aSubrahmanyam.N 0aHistoriography b"Parthajan Publications, Madras"c1987 a318p aHistory Of Arabs-History Of Arabs